| 000 | 01153nam a2200229Ia 4500 | ||
|---|---|---|---|
| 001 | L922-42138 | ||
| 003 | IT-CnALBA | ||
| 008 | 170116s9999||||xx |||||||||||||| ||und|| | ||
| 040 |
_aIT-CnALBA _cIT-CnALBA |
||
| 041 | _aITALIANO | ||
| 100 | _aSEMART PHILIPPE | ||
| 245 | 0 | _aEUGENE JONESCO. | |
| 250 | _a1a ed. | ||
| 260 |
_a TORINO. ROMA _bBORLA EDITORE _c1965 [1° Ed.:1965] |
||
| 300 | _a161 p. | ||
| 500 | _aTRADUZIONE DAL FRANCESE. PREMESSA E PRESENTAZIONE. BATTAGLIA DI HERMANI. PSEUDORITRATTO. SERVIZIO INUTILE. LE OCHE. MORTE DEL PENSIERO BORGHESE. IL CANCRO. LA CARNE E LE OSSA. TEATRO TEOLOGICO. CLASSICO D'INTENZIONE. CRONOLOGIA. RUMENO. STUDI IN FRANCIA E | ||
| 501 | _aSocietà San Paolo EM - Piazza San Paolo, 14 - 12051 ALBA (CN) (non commercial uses only) ® Copyright 2017 | ||
| 520 | _aTRADUZIONE DAL FRANCESE. PREMESSA E PRESENTAZIONE. BATTAGLIA DI HERMANI. PSEUDORITRATTO. SERVIZIO INUTILE. LE OCHE. MORTE DEL PENSIERO BORGHESE. IL CANCRO. LA CARNE E LE OSSA. TEATRO TEOLOGICO. CLASSICO D'INTENZIONE. CRONOLOGIA. RUMENO. STUDI IN FRANCIA E | ||
| 650 | _aBIOGRAFIE, UOMINI ILLUSTRI | ||
| 942 | _cBK | ||
| 957 | _71 | ||
| 999 |
_a47367 _bNO _g Copie: 1 _c301106 _d301106 |
||